[Event "Hessen-ch U17 Open"]
[Site "Bad Homburg"]
[Date "2013.03.28"]
[Round "5"]
[White "Bock, Timothy"]
[Black "Lo, Winston"]
[Result "0-1"]
[WhiteElo "727"]
[BlackElo "781"]
[PlyCount "54"]
[EventDate "2013.03.??"]
[EventType "swiss"]
[EventRounds "7"]
[EventCountry "GER"]
[SourceTitle "EXT 2014"]
[Source "ChessBase"]
[SourceDate "2013.11.20"]
[SourceVersion "1"]
[SourceVersionDate "2013.11.20"]
[SourceQuality "1"]

1. e4 e5 2. Nf3 Nc6 3. Nc3 Nf6 4. Bb5 Bc5 5. Bxc6 bxc6 6. Nxe5 0-0 7. Na4 Bd6 8. d4 Nxe4 9. d5 Bxe5 10. Qe2 Qh4 11. g3 Qf6 12. Qxe4 Re8 13. f4 Bc3+ 14. Nxc3 Rxe4+ 15. Nxe4 Qe7 16. 0-0 Qxe4 17. Bd2 Qd4+ 18. Kh1 Qxd2 19. Rad1 Qxc2 20. Rde1 Ba6 21. Rf3 Be2 22. Rf2 Re8 23. dxc6 Bf3+ 24. Kg1 Rxe1+ 25. Rf1 Rxf1+ 26. Kxf1 Qe2+ 27. Kg1 Qg2# 0-1

[Event "Hessen-ch U17 Open"]
[Site "Bad Homburg"]
[Date "2013.03.27"]
[Round "4"]
[White "Mitas, Raphael"]
[Black "Lo, Winston"]
[Result "1-0"]
[WhiteElo "812"]
[BlackElo "781"]
[PlyCount "53"]
[EventDate "2013.03.??"]
[EventType "swiss"]
[EventRounds "7"]
[EventCountry "GER"]
[SourceTitle "EXT 2014"]
[Source "ChessBase"]
[SourceDate "2013.11.20"]
[SourceVersion "1"]
[SourceVersionDate "2013.11.20"]
[SourceQuality "1"]

1. e4 e5 2. Nf3 Nc6 3. Bc4 h6 4. d3 Nf6 5. Nc3 Nd4 6. Nxe5 d6 7. Nxf7 Qe7 8. Nxh8 Bd7 9. Ng6 Qe5 10. Nxe5 dxe5 11. Nd5 0-0-0 12. Be3 c6 13. Nxf6 gxf6 14. Bxd4 exd4 15. c3 b5 16. Bb3 dxc3 17. bxc3 Re8 18. c4 bxc4 19. Bxc4 f5 20. f3 fxe4 21. dxe4 Be6 22. Qb3 Bxc4 23. Qxc4 a5 24. Qxc6+ Kd8 25. 0-0 Re5 26. Rad1+ Ke7 27. Qd7+ 1-0

[Event "Hessen-ch U17 Open"]
[Site "Bad Homburg"]
[Date "2013.03.26"]
[Round "3"]
[White "Lo, Winston"]
[Black "Dany, Jakob"]
[Result "0-1"]
[WhiteElo "781"]
[BlackElo "787"]
[PlyCount "76"]
[EventDate "2013.03.??"]
[EventType "swiss"]
[EventRounds "7"]
[EventCountry "GER"]
[SourceTitle "EXT 2014"]
[Source "ChessBase"]
[SourceDate "2013.11.20"]
[SourceVersion "1"]
[SourceVersionDate "2013.11.20"]
[SourceQuality "1"]

1. e4 e5 2. Nf3 Nc6 3. Nc3 Bb4 4. Bc4 d6 5. Ng5 Qxg5 6. a3 Bxc3 7. dxc3 Qxg2 8. Rf1 Qxe4+ 9. Qe2 Qxe2+ 10. Bxe2 h6 11. Be3 Nf6 12. 0-0-0 Nd5 13. Rxd5 Ne7 14. Rd2 Nf5 15. Rg1 0-0 16. Rd3 Be6 17. f4 Bc4 18. Rd2 Nxe3 19. Re1 Bxe2 20. Rdxe2 Nc4 21. Re4 d5 22. R4e2 exf4 23. Re7 Rac8 24. Rf1 Rfe8 25. Rfe1 Nd6 26. b3 Kf8 27. R7e5 f6 28. Re6 Kf7 29. R6e2 g5 30. Re7+ Rxe7 31. Rxe7+ Kxe7 32. c4 dxc4 33. bxc4 Nxc4 34. c3 f3 35. Kd1 Rd8+ 36. Ke1 Rd2 37. a4 f2+ 38. Kf1 Ne3# 0-1

[Event "Hessen-ch U17 Open"]
[Site "Bad Homburg"]
[Date "2013.03.25"]
[Round "2"]
[White "Fassmann, Tim"]
[Black "Lo, Winston"]
[Result "1-0"]
[WhiteElo "892"]
[BlackElo "781"]
[PlyCount "111"]
[EventDate "2013.03.??"]
[EventType "swiss"]
[EventRounds "7"]
[EventCountry "GER"]
[SourceTitle "EXT 2014"]
[Source "ChessBase"]
[SourceDate "2013.11.20"]
[SourceVersion "1"]
[SourceVersionDate "2013.11.20"]
[SourceQuality "1"]

1. e4 e5 2. Nf3 Bc5 3. Nxe5 Qe7 4. d4 Bd6 5. Bf4 g5 6. Bg3 Nf6 7. Nc3 Bb4 8. Bd3 d6 9. a3 Bxc3+ 10. bxc3 Be6 11. Nf3 d5 12. Nxg5 dxe4 13. Nxe6 exd3 14. Bxc7 Qxe6+ 15. Kf1 Nc6 16. Qxd3 Nd5 17. Ba5 Nxa5 18. Qb5+ Nc6 19. Re1 0-0-0 20. Rxe6 fxe6 21. Qc5 Kb8 22. g3 e5 23. dxe5 Nxe5 24. c4 Rc8 25. Qxd5 Rhe8 26. c5 Rcd8 27. Qe4 Nc6 28. Qxh7 Rd1+ 29. Kg2 Rxh1 30. Kxh1 Re2 31. Kg2 Re7 32. Qf5 Nd4 33. Qf4+ Kc8 34. Qxd4 b6 35. cxb6 axb6 36. Qxb6 Rc7 37. Qxc7+ Kxc7 38. h4 Kb6 39. h5 Kb5 40. h6 Ka4 41. h7 Kxa3 42. h8Q Kb4 43. Qc8 Kb5 44. c4+ Kb6 45. c5+ Ka7 46. Qf5 Kb7 47. Qf6 Kc7 48. g4 Kd7 49. g5 Kc7 50. g6 Kd7 51. g7 Kc7 52. g8R Kd7 53. Rg7+ Ke8 54. Qa6 Kf8 55. Rb7 Ke8 56. Qa8# 1-0